Last Lines in Films - Statistics

General Stats
  • This quiz has been taken 54 times
  • The average score is 6 of 14
Answer Stats
Final Line Answer % Correct
Kevin! What did you do to my room!? Home Alone
88%
I’m having an old friend for dinner Silence of the Lambs
77%
Louis, I think this is the beginning of a beautiful friendship Casablanca
71%
Rosebud Citizen Kane
71%
Roads? Where we’re going we don’t need roads Back to the Future
69%
Forget it, Jake. It’s Chinatown Chinatown
58%
The horror...the horror Apocalypse Now
46%
You maniacs! You blew it up! Ah, damn you! God damn you all to hell! Planet of the Apes
38%
The greatest trick the devil ever pulled was convincing the world he did not exist. And like that... he is gone. Usual Suspects
35%
Mein Fuhrer, I can walk! Dr Strangelove
27%
Oh. No, it's not like that at all. He's my brother Return of the Jedi
15%
What else is on? Truman Show
10%
Mediocrities everywhere, I absolve you... Amadeus
6%
A polar bear fell on me Road House
2%
No matching quizzes found
Score Distribution
Percent of People with Each Score
Percentile by Number Answered
Your Score History
You have not taken this quiz